DIET MANAGEMENT (Record no. 2157)

MARC details
000 -LEADER
fixed length control field 00333nam a2200145Ia 4500
008 - FIXED-LENGTH DATA ELEMENTS--GENERAL INFORMATION
fixed length control field 150201s2012 xx 000 0 und d
082 ## - DEWEY DECIMAL CLASSIFICATION NUMBER
Classification number 612.3
Item number D12S
100 ## - MAIN ENTRY--PERSONAL NAME
Personal name SHARMA, REKHA
245 ## - TITLE STATEMENT
Title DIET MANAGEMENT
250 ## - EDITION STATEMENT
Edition statement 4TH
260 ## - PUBLICATION, DISTRIBUTION, ETC. (IMPRINT)
Name of publisher, distributor, etc. ELSEVIER
Place of publication, distribution, etc. INDIA
Date of publication, distribution, etc. 2012
300 ## - PHYSICAL DESCRIPTION
Extent 236
650 ## - SUBJECT ADDED ENTRY--TOPICAL TERM
Topical term or geographic name as entry element NUTRITON & DIET
942 ## - ADDED ENTRY ELEMENTS (KOHA)
Source of classification or shelving scheme Dewey Decimal Classification
Koha item type Books
Koha issues (borrowed), all copies 9
Holdings
Withdrawn status Lost status Source of classification or shelving scheme Damaged status Not for loan Collection code Home library Current library Shelving location Date acquired Source of acquisition Cost, normal purchase price SGTU Bill Number Total Checkouts Full call number Barcode Date last seen Date last checked out Bill Date Koha item type
    Dewey Decimal Classification     NURSING SGT Medical Library SGT Medical Library Text Book 16/07/2013 ABC DELHI 245.00 SGTU 3617 4 612.3 D12S FN1276 27/05/2023 17/05/2023 16/07/2013 Books
    Dewey Decimal Classification     NURSING SGT Medical Library SGT Medical Library Text Book 16/07/2013 ABC DELHI 245.00 SGTU 3617   612.3 D12S FN1277 09/02/2015   16/07/2013 Books
    Dewey Decimal Classification     NURSING SGT Medical Library SGT Medical Library Text Book 16/07/2013 ABC DELHI 245.00 SGTU 3617 1 612.3 D12S FN1278 22/05/2023 09/05/2023 16/07/2013 Books
    Dewey Decimal Classification     NURSING SGT Medical Library SGT Medical Library Text Book 16/07/2013 ABC DELHI 245.00 SGTU 3617 1 612.3 D12S FN1279 09/09/2024 06/09/2024 16/07/2013 Books
    Dewey Decimal Classification     NURSING SGT Medical Library SGT Medical Library Text Book 16/07/2013 ABC DELHI 245.00 SGTU 3617 6 612.3 D12S FN1280 30/06/2023 10/06/2023 16/07/2013 Books